Most common female names starting with D - Statistics

General Stats
  • This quiz has been taken 214 times
  • The average score is 33 of 100
Answer Stats
Hint Answer % Correct
76 Dani
90%
89 Daniel
86%
7 Diana
81%
5 Danielle
80%
4 Diane
75%
36 Debora
74%
16 Daisy
73%
30 Dora
70%
8 Dorothy
70%
11 Debbie
69%
2 Donna
68%
1 Deborah
67%
33 Dina
67%
10 Dana
66%
32 Daniella
65%
6 Denise
60%
81 Dolly
60%
20 Daniela
56%
3 Debra
56%
38 Delia
56%
12 Destiny
53%
22 Delilah
52%
14 Doris
52%
28 Daphne
51%
84 Daria
48%
82 Debby
46%
37 Della
45%
63 Dee
44%
27 Darla
43%
78 Deann
41%
49 Dahlia
40%
61 Dara
40%
71 Dona
40%
13 Darlene
39%
15 Deanna
38%
57 Demi
38%
73 Diann
38%
17 Desiree
35%
40 Darcy
34%
9 Dawn
34%
99 Dottie
34%
70 Dorothea
32%
80 Drew
32%
51 Dylan
32%
58 Dalia
31%
29 Doreen
31%
45 Devin
30%
19 Dianne
30%
47 Danica
29%
41 Deana
29%
42 Devon
29%
60 Deanne
28%
85 Dinah
28%
34 Dena
27%
31 Diamond
27%
24 Dianna
27%
23 Dominique
27%
18 Dolores
26%
66 David
25%
68 Davina
25%
54 Dallas
24%
50 Dale
23%
35 Dixie
23%
97 Dream
23%
62 Deena
22%
26 Dakota
21%
39 Danna
20%
67 Danika
19%
52 Deirdre
19%
77 Dionne
19%
25 Delaney
18%
83 Dania
17%
96 Darci
16%
86 Darby
14%
21 Delores
14%
75 Denice
14%
56 Deidre
13%
69 Demetria
12%
98 Darian
11%
55 Dayna
11%
46 Destinee
10%
48 Deja
9%
87 Destini
9%
53 Dayana
8%
64 Damaris
7%
79 Devyn
7%
100 Dalila
6%
91 Danae
6%
90 Denisse
6%
43 Dulce
6%
74 Danette
5%
94 Dorthy
5%
65 Daleyza
4%
92 Danita
4%
72 Deidra
4%
93 Danelle
3%
44 Deloris
3%
95 Dayanara
2%
88 Destiney
2%
59 Desirae
1%
No matching quizzes found
Score Distribution
Percent of People with Each Score
Percentile by Number Answered
Your Score History
You have not taken this quiz